[Event "TUR Cup"]
[Site "Antalya"]
[Date "2019.01.30"]
[Round "5"]
[White "Yigiter, Fatih"]
[Black "Karakus, Ali"]
[Result "0-1"]
[WhiteElo "1619"]
[BlackElo "1303"]
[PlyCount "132"]
[EventDate "2019.01.27"]
[EventType "swiss"]
[EventRounds "11"]
[EventCountry "TUR"]
[SourceTitle "CBM 188 Extra"]
[Source "ChessBase"]
[SourceDate "2019.02.26"]
[SourceVersion "1"]
[SourceVersionDate "2019.02.26"]
[SourceQuality "1"]

1. d4 d5 2. c4 c6 3. Nf3 Nf6 4. Nc3 e6 5. e3 Bd6 6. Bd3 Nbd7 7. 0-0 0-0 8. b3 dxc4 9. bxc4 Re8 10. e4 e5 11. d5 cxd5 12. cxd5 Nc5 13. Bb5 Bd7 14. Bxd7 Qxd7 15. Re1 h6 16. Nh4 Kh8 17. Rb1 b6 18. f3 Rac8 19. Nb5 Bf8 20. Nf5 a6 21. Na3 b5 22. Nc2 Na4 23. Rb3 Nb6 24. Bd2 Nbxd5 25. Nxg7 Bxg7 26. exd5 Qxd5 27. Nb4 Qd4+ 28. Be3 Qxd1 29. Rxd1 a5 30. Nd3 b4 31. Nc5 Red8 32. Rxd8+ Rxd8 33. Nb7 Rd5 34. a3 Bf8 35. a4 Nd7 36. Nd8 Kg7 37. Nc6 f5 38. Kf1 Nc5 39. Bxc5 Rxc5 40. Nd8 Kf6 41. Rd3 Rc3 42. Rd7 Be7 43. Nb7 b3 44. Rd2 Rc2 45. Ke2 b2 46. Rxc2 b1Q 47. Rc6+ Kf7 48. Nxa5 Qa2+ 49. Kd3 Qxa4 50. Nc4 e4+ 51. fxe4 fxe4+ 52. Ke2 Qc2+ 53. Ke3 Qd3+ 54. Kf4 Bg5+ 55. Ke5 e3 56. h4 e2 57. Nd6+ Qxd6+ 58. Kxd6 Bf4+ 59. Kd5 e1Q 60. h5 Qe5+ 61. Kc4 Qe4+ 62. Kc5 Qc2+ 63. Kd5 Qxg2+ 64. Kc5 Qd2 65. Rg6 Qc2+ 66. Kd5 Qd1+ 0-1

[Event "TUR-chT2"]
[Site "Konya"]
[Date "2018.07.15"]
[Round "9.23"]
[White "Yigiter, Fatih"]
[Black "Bogaz, Muhammet"]
[Result "1-0"]
[WhiteElo "1600"]
[BlackElo "1542"]
[PlyCount "91"]
[EventDate "2018.07.10"]
[EventType "team-swiss"]
[EventRounds "9"]
[EventCountry "TUR"]
[SourceTitle "EXT 2019"]
[Source "ChessBase"]
[SourceDate "2018.10.10"]
[SourceVersion "1"]
[SourceVersionDate "2018.10.10"]
[SourceQuality "1"]
[WhiteTeam "Edeler Gorme"]
[BlackTeam "Corum Mavi Ay"]
[WhiteTeamCountry "TUR"]
[BlackTeamCountry "TUR"]

1. d4 Nf6 2. c4 c5 3. d5 b5 4. cxb5 a6 5. e3 Bb7 6. Nc3 axb5 7. Bxb5 Qa5 8. Bd2 g6 9. Nf3 Qb6 10. 0-0 Bg7 11. e4 Nxe4 12. Nxe4 Qxb5 13. Bc3 Bxc3 14. bxc3 Qc4 15. Re1 0-0 16. Qd2 Kg7 17. Qe3 Bxd5 18. Ned2 Qg4 19. Qe5+ f6 20. Qxd5 Nc6 21. Qxc5 Ra5 22. Qe3 Rb8 23. Nb3 Rh5 24. Nbd4 Ne5 25. Nxe5 Rxe5 26. Qd2 Rxe1+ 27. Rxe1 e5 28. f3 Qh4 29. Nb3 d5 30. g3 Qc4 31. Qe3 Rc8 32. Rc1 Qa6 33. Qd2 Qc4 34. Kg2 Ra8 35. Rc2 Re8 36. Qe2 Qc6 37. Qd3 e4 38. fxe4 dxe4 39. Qe3 Rd8 40. Nd4 Qd5 41. Rb2 Rd7 42. a4 Qa5 43. Ne6+ Kf7 44. Nc5 Re7 45. Qd4 e3 46. Qd5+ 1-0